Saint-Etienne 2010's Starting XI - Statistics

General Stats
  • This quiz has been taken 995 times
    904 since last reset
  • The average score is 15 of 56
Answer Stats
Player % Correct
Pierre-Emerick Aubameyang
87%
Stéphane Ruffier
86%
Wahbi Khazri
70%
Loïc Perrin
65%
Romain Hamouma
53%
Mevlüt Erdinç
51%
Neven Subotić
48%
Robert Berić
47%
Mathieu Debuchy
43%
Brandão
41%
Faouzi Ghoulam
40%
Max Gradel
40%
Moustapha Bayal Sall
39%
Ole Selnæs
38%
Fabien Lemoine
37%
Rémy Cabella
34%
Jérémie Janot
30%
Kévin Monnet-Paquet
30%
Dimitri Payet
29%
Jérémy Clément
29%
François Clerc
27%
Léo Lacroix
26%
Renaud Cohade
26%
Gabriel Silva
25%
Yann M'Vila
25%
Blaise Matuidi
24%
Kévin Malcuit
23%
Timothée Kolodziejczak
21%
Benoît Assou-Ekotto
19%
Nolan Roux
19%
Franck Tabanou
18%
Lois Diony
18%
Jonathan Brison
17%
Bakary Sako
16%
Gonzalo Bergessio
16%
Josuha Guilavogui
16%
Kévin Théophile-Catherine
16%
Benjamin Corgnet
15%
Jordan Veretout
15%
Carlos Bocanegra
14%
Jonathan Bamba
14%
Vincent Pajot
14%
Henri Saivet
13%
Gelson Fernandes
12%
Mouhamadou Dabo
12%
Yohan Benalouane
12%
Jean-Pascal Mignot
9%
Emmanuel Rivière
8%
Valentin Eysseric
7%
Sylvain Marchal
6%
Guirane N'Daw
5%
Laurent Batlles
5%
Albin Ebondo
4%
Cédric Varrault
4%
Sylvain Monsoreau
4%
Pape Diakhaté
3%
No matching quizzes found
Score Distribution
Percent of People with Each Score
Percentile by Number Answered
Your Score History
You have not taken this quiz since the last reset